| Tag |
First Indicator |
Second Indicator |
Subfields |
| LEADER |
00000pam a2200000 a 4500 |
| 001 |
in00000091540 |
| 005 |
20151008064015.0 |
| 008 |
810903s1981 dcua b 10100 eng |
| 010 |
|
|
|a 81014853
|
| 020 |
|
|
|a 0841206627
|
| 035 |
|
|
|a (OCoLC)07795471
|
| 035 |
|
|
|9 AAK3346AM
|
| 039 |
0 |
|
|a 2
|b 3
|c 3
|d 3
|e 3
|
| 040 |
|
|
|a DLC
|c DLC
|d TXA
|d UtOrBLW
|
| 043 |
|
|
|a n------
|
| 049 |
|
|
|a TXAM
|c [1672114]
|
| 050 |
0 |
0 |
|a SB360.6
|b .Q34
|
| 082 |
0 |
|
|a 635
|2 19
|
| 245 |
0 |
0 |
|a Quality of selected fruits and vegetables of North America :
|b based on a symposium sponsored by the Division of Agricultural and Food Chemistry at the second Chemical Congress of the North American Continent (180th ACS national meeting) Las Vegas, Nevada, August 24-29, 1980 /
|c Roy Teranishi, editor, Heriberto Barrera-Benitez, editor.
|
| 264 |
|
1 |
|a Washington, D.C. :
|b American Chemical Society,
|c 1981.
|
| 300 |
|
|
|a ix, 240 pages :
|b illustrations ;
|c 23 cm.
|
| 336 |
|
|
|a text
|b txt
|2 rdacontent
|
| 337 |
|
|
|a unmediated
|b n
|2 rdamedia
|
| 338 |
|
|
|a volume
|b nc
|2 rdacarrier
|
| 490 |
1 |
|
|a ACS symposium series,
|x 0097-6156 ;
|v 170
|
| 500 |
|
|
|a Mostly papers presented at the Symposium on Quality of Fruits and Vegetables of North America, held during the second Chemical Congress of the North American Continent, which included the 180th National American Chemical Society meeting.
|
| 504 |
|
|
|a Includes bibliographical references and index.
|
| 650 |
|
0 |
|a Fruit
|x Quality
|x Congresses.
|
| 650 |
|
0 |
|a Vegetables
|x Quality
|x Congresses.
|
| 650 |
|
0 |
|a Fruit
|x Composition
|x Congresses.
|
| 650 |
|
0 |
|a Vegetables
|x Composition
|x Congresses.
|
| 650 |
|
0 |
|a Fruit
|z North America
|x Quality
|x Congresses.
|
| 650 |
|
0 |
|a Vegetables
|z North America
|x Quality
|x Congresses.
|
| 700 |
1 |
|
|a Teranishi, Roy,
|d 1922-2000.
|
| 700 |
1 |
|
|a Barrera-Benitez, Heriberto,
|d 1939-
|
| 710 |
2 |
|
|a American Chemical Society.
|b Division of Agricultural and Food Chemistry.
|
| 710 |
2 |
|
|a American Chemical Society.
|
| 711 |
2 |
|
|a Chemical Congress of the North American Continent
|n (2nd :
|d 1980 :
|c Las Vegas)
|
| 711 |
2 |
|
|a Symposium on Quality of Fruits and Vegetables of North America
|d (1980 :
|c Las Vegas, Nev.)
|
| 830 |
|
0 |
|a ACS symposium series ;
|v 170.
|
| 999 |
|
|
|a MARS
|
| 999 |
f |
f |
|s 89963fb7-c019-37f1-aafd-4ec119be1d0a
|i 83cc870d-afaa-3c91-8d39-c2280a86d62c
|t 0
|
| 952 |
f |
f |
|p ric
|a Texas A&M University
|b Rellis Campus
|c Joint Library Facility
|d Remote Storage
|t 0
|e SB360.6 .Q34
|h Library of Congress classification
|i unmediated -- volume
|m A14806235820
|
| 998 |
f |
f |
|a SB360.6 .Q34
|t 0
|l Remote Storage
|